Christmas time / (Record no. 10052)

MARC details
000 -LEADER
fixed length control field 00647nab a22001937a 4500
003 - CONTROL NUMBER IDENTIFIER
control field OSt
005 - DATE AND TIME OF LATEST TRANSACTION
control field 20250507030415.0
008 - FIXED-LENGTH DATA ELEMENTS--GENERAL INFORMATION
fixed length control field 250404t2010 |||||||| |||| 00| 0 eng d
040 ## - CATALOGING SOURCE
Transcribing agency JMCFI - Learning Resource Center
082 ## - DEWEY DECIMAL CLASSIFICATION NUMBER
Classification number Per. 370.7'051 M689 2010-2011
100 ## - MAIN ENTRY--PERSONAL NAME
Personal name Revelo, Benedict Rule
9 (RLIN) 31069
245 ## - TITLE STATEMENT
Title Christmas time /
Statement of responsibility, etc. Benedict Rule Revelo.
260 ## - PUBLICATION, DISTRIBUTION, ETC.
Place of publication, distribution, etc. Manila :
Name of publisher, distributor, etc. The Grade School, Inc.,
Date of publication, distribution, etc. 2011.
650 ## - SUBJECT ADDED ENTRY--TOPICAL TERM
Topical term or geographic name entry element Poem.
9 (RLIN) 24857
650 ## - SUBJECT ADDED ENTRY--TOPICAL TERM
Topical term or geographic name entry element Christmas time (Filipino poem).
9 (RLIN) 31871
650 ## - SUBJECT ADDED ENTRY--TOPICAL TERM
Topical term or geographic name entry element Philippine literature.
9 (RLIN) 559
773 ## - HOST ITEM ENTRY
Related parts , volume 60, number 7 (December 2011) page 285.
Title The Modern Teacher
942 ## - ADDED ENTRY ELEMENTS (KOHA)
Koha item type Periodicals
Suppress in OPAC No
Source of classification or shelving scheme Library of Congress Classification
Holdings
Withdrawn status Lost status Source of classification or shelving scheme Damaged status Not for loan Home library Current library Shelving location Date acquired Total Checkouts Call number Date last seen Price effective from Koha item type
    Dewey Decimal Classification     LRC - College (Main) LRC - College (Main) Periodicals 05/07/2025   Per. 370.7'051 M689 2010-2011 05/07/2025 05/07/2025 Periodicals